|
|
|
|
| LEADER |
01201cam a2200277 i 4500 |
| 001 |
15393119 |
| 003 |
GR-PaULI |
| 005 |
20210526180611.0 |
| 008 |
180925s2008 fr g b 000 0 fre d |
| 952 |
|
|
|0 0
|1 0
|2 ddc
|4 0
|6 792_094000000000000_2_COU
|7 0
|9 225905
|a THST
|b THST
|d 2018-09-25
|i 011508
|l 0
|o 792.094 2 COU
|p 025000255374
|r 2018-09-25 00:00:00
|t 1
|v 2018.00
|w 2018-09-25
|y BK15
|
| 999 |
|
|
|c 136315
|d 136315
|
| 010 |
|
|
|a 2008448611
|
| 020 |
|
|
|a 9782912877772
|
| 040 |
|
|
|a DLC
|b gre
|c DLC
|d GR-PaULI
|e AACR2
|
| 082 |
0 |
4 |
|2 23
|a 792.094 2
|
| 245 |
0 |
0 |
|a Theatre anglophone :
|b de Shakespeare a Sarah Kane, l'envers du decor /
|c sous la direction de Claude Coulon et Florence March.
|
| 260 |
|
|
|a Montpellier :
|b Entretemps,
|c c2008.
|
| 300 |
|
|
|a 250 σ. ;
|c 21 εκ.
|
| 490 |
0 |
|
|a Champ theatral
|
| 504 |
|
|
|6 Περιλαμβάνει βιβλιογραφία.
|
| 650 |
|
4 |
|a Αγγλικό δράμα
|x Ιστορία και κριτική
|9 149674
|
| 650 |
|
4 |
|a Αμερικανικό δράμα
|x Ιστορία και κριτική
|9 101613
|
| 700 |
1 |
4 |
|a Coulon, Claude.
|9 171107
|e επιμελήτρια
|
| 700 |
1 |
4 |
|a March, Florence.
|9 171108
|e επιμελήτρια
|
| 942 |
|
|
|2 ddc
|c BK15
|
| 998 |
|
|
|c ΜΑΝΙΑ
|d 2018-09
|